000
00349nam a2200145Ia 4500
008
160319s9999 xx 000 0 und d
245
_a
Sa'yo lamang /
260
_b
Star Records.
260
_c
2010
300
_a
1 DVD-video (120 min.) :
300
_b
digital, sound, color ;
300
_c
4 3/4 in.
650
_a
Family--
650
_x
Drama.
999
_c
292564
_d
292564